| 000 | 00772nam a2200277Ia 4500 | ||
|---|---|---|---|
| 003 | OSt | ||
| 005 | 20221006142246.0 | ||
| 006 | a|||||r|||| 00| 0 | ||
| 007 | ta | ||
| 008 | 221006b |||||||| |||| 00| 0 eng d | ||
| 020 | _cP49.95 | ||
| 024 | _a5,824 | ||
| 037 | _cTextual | ||
| 040 |
_aEASL _cEASL _beng |
||
| 041 |
_2eng _aeng |
||
| 082 | _aX:8D.42, N8 | ||
| 100 |
_aHALL Maximilian J B _9328875 |
||
| 245 | 0 |
_aFinancial reform in Japan _b Causes and consequences |
|
| 260 |
_aCheltenham _bEdward Elgar UK _c1998 |
||
| 300 |
_a225p. _ccm. |
||
| 490 | _v JEL | ||
| 650 |
_a Economic Plicy Japan _9647272 |
||
| 650 |
_aEconomic Condition Japan _9647273 |
||
| 942 |
_hX:8D.42, N8 _cTEXL _2CC |
||
| 999 |
_c1073910 _d1073910 |
||